| 000 | 00000nam 2200000za 4500 |
| 001 | 9.862924 |
| 003 | CaOODSP |
| 005 | 20221107161143 |
| 007 | cr ||||||||||| |
| 008 | 181009s2019 onc o f000 0 fre d |
| 020 | |a978-0-660-28058-5 |
| 040 | |aCaOODSP|bfre |
| 043 | |an-cn--- |
| 086 | 1 |aH164-245/2019F-PDF |
| 245 | 00|aGuide alimentaire canadien |h[ressource électronique]: |brecommandations en matière d’alimentation saine |
| 260 | |aOttawa : |bSanté Canada, |c2019. |
| 300 | |a[1] p. |
| 500 | |aPubl. aussi en anglais sous le titre : Healthy eating recommendations. |
| 500 | |aTitre de la légende. |
| 500 | |aPubl. aussi en format HTML. |
| 692 | 07|2gccst|aAlimentation |
| 692 | 07|2gccst|aLignes directrices |
| 710 | 1 |aCanada. |bSanté Canada. |
| 775 | 08|tCanada's food guide |w(CaOODSP)9.862923 |
| 856 | 40|qPDF|s108 Ko|uhttps://publications.gc.ca/collections/collection_2019/sc-hc/H164-245-2019-fra.pdf |
| 856 | 4 |qHTML|sS.O.|uhttps://guide-alimentaire.canada.ca/fr/recommandations-en-matiere-dalimentation-saine/ |